| 000 | 00586nam a2200193Ia 4500 | ||
|---|---|---|---|
| 003 | GCL | ||
| 008 | 140319s9999 xx 000 0 ara d | ||
| 040 |
_aGCL / _cGCL |
||
| 082 | 0 | 4 |
_a812 _bع ب |
| 100 | 1 | _aعدلى سيد محمد رضا | |
| 245 | 1 | 0 |
_aالبناء الدرامى فى الراديو والتليفزيون / _cعدلى سيد محمد رضا |
| 260 |
_a[S.N] : _bدار الفكر العربى ، _c1988 |
||
| 300 | _a187 ص | ||
| 490 | _a | ||
| 650 | 0 | 4 | _aالادب العربى |
| 650 | 0 | 4 | _aالمسرح |
| 650 | 0 | 4 | _aتاريخ ونقد |
| 942 |
_2ddc _cBK |
||
| 999 |
_c32963 _d32963 |
||